| 000 | 00656 a2200205 4500 | ||
|---|---|---|---|
| 003 | Nust | ||
| 005 | 20170207171533.0 | ||
| 010 | _a 99013770 | ||
| 020 | _a1572318260 | ||
| 040 | _cNust | ||
| 082 | 0 | 0 | _a005.7585 |
| 100 | _aMicrosoft Corporation. | ||
| 245 | 0 | 0 |
_aMicrosoft SQL Server 7.0 database implementation training kit. (EBOOK) _cMicrosoft Corporation |
| 260 |
_aRedmond, WA. : _bMicrosoft Press, _cc1999. |
||
| 300 |
_axv, 593 p. : _bill. ; _c23 cm. + _e1 computer laser optical disc (4 3/4 in.) |
||
| 500 | _aTitle from container; issued in container. | ||
| 650 | 0 | _aClient/server computing. | |
| 651 | _aEBOOK | ||
| 710 | 2 | _aMicrosoft Corporation. | |
| 942 |
_2ddc _cBK |
||
| 999 |
_c217098 _d217098 |
||